000 00276nam a2200097Ia 4500
008 220204s9999 xx 000 0 und d
082 _a058STA
_bSTA
245 0 _aStatesman's yeabook. 1964-65, 1970-71, 1975-76, 1977-78, 1978-79
260 _aLondon
_bMacmillan
_c1978
942 _cBK
999 _c27671
_d27671